Air pollution management at selected crude palm oil mills /
Saved in:
| Main Author: | |
|---|---|
| Format: | Thesis Book |
| Language: | English |
| Published: |
2006.
|
| Subjects: | |
| Tags: |
Add Tag
No Tags, Be the first to tag this record!
|
| LEADER | 00887cam a2200241 a 4500 | ||
|---|---|---|---|
| 001 | u749878 | ||
| 003 | SIRSI | ||
| 005 | 200712181511 | ||
| 008 | 071218s2006 my a t 000 0 eng | ||
| 040 | |a UMM | ||
| 090 | |a GE7 |b UM 2006 Cha | ||
| 100 | 1 | |a Chan, Julie. | |
| 245 | 1 | 0 | |a Air pollution management at selected crude palm oil mills / |c Chan Julie. |
| 260 | |c 2006. | ||
| 300 | |a xv, 148 leaves : |b ill. ; |c 30 cm. | ||
| 502 | |a Dissertation (M.Tech. (Envir. Mgmt.)) -- Institut Sains Biologi, Fakulti Sains, Universiti Malaya, 2007. | ||
| 504 | |a Bibliography: leaves 126-131. | ||
| 596 | |a 1 | ||
| 650 | 0 | |a Palm oil industry |x Environmental aspects. | |
| 650 | 0 | |a Air |x Pollution |x Management. | |
| 710 | 2 | |a Universiti Malaya. |b Institut Sains Biologi. | |
| 900 | |a SK | ||
| 999 | |a GE7 UM 2006 CHA |w LC |c 1 |i A513146106 |d 14/2/2016 |e 14/2/2016 |f 22/1/2008 |g 1 |l STACKS |m P01UTAMA |n 8 |r Y |s N |t TESIS |u 18/12/2007 | ||
